লোডিং...

Export incentives assistance and facilities against physical and deemed exports

গ্রন্থ-পঞ্জীর বিবরন
প্রধান লেখক: Kumari, Anita
বিন্যাস: Printed Book
ভাষা:English
প্রকাশিত: Delhi Anupam publishers 1998-99
সংস্করন:28th ed.
বিষয়গুলি:
LEADER 00597nam a22001697a 4500
005 20151215124858.0
008 090910t xxu||||| |||| 00| 0 eng d
082 |a 382.63  |b KUM 
100 |a Kumari, Anita  |9 1333 
245 |a Export incentives  |b assistance and facilities against physical and deemed exports 
250 |a 28th ed. 
300 |a xxxix, 959p. 
653 |a Export incentries-commerce 
942 |c BK  |6 _ 
260 |a Delhi  |b Anupam publishers  |c 1998-99 
999 |c 93432  |d 93432 
952 |0 0  |1 0  |2 ddc  |4 0  |6 38263_KUM  |7 0  |9 117392  |a SMS  |b SMS  |c REF  |d 2009-09-10  |o 382.63 KUM  |p SMS020341  |r 2009-09-10  |w 2009-09-10  |y REF